Computer systems : Architecture networks and communications (Record no. 3655)

000 -LEADER
fixed length control field 01225cam a22003254a 4500
001 - CONTROL NUMBER
control field 13366342
003 - CONTROL NUMBER IDENTIFIER
control field OSt
005 - DATE AND TIME OF LATEST TRANSACTION
control field 20161018123136.0
008 - FIXED-LENGTH DATA ELEMENTS--GENERAL INFORMATION
fixed length control field 031007s2004 nyua b 000 0 eng
010 ## - LIBRARY OF CONGRESS CONTROL NUMBER
LC control number 2003066215
020 ## - INTERNATIONAL STANDARD BOOK NUMBER
International Standard Book Number 9780077098032
040 ## - CATALOGING SOURCE
Original cataloging agency DLC
Transcribing agency DLC
Modifying agency DLC
042 ## - AUTHENTICATION CODE
Authentication code pcc
050 00 - LIBRARY OF CONGRESS CALL NUMBER
Classification number QA76.9.C66 2002
082 00 - DEWEY DECIMAL CLASSIFICATION NUMBER
Classification number 005.1/2
Edition number 22
100 ## - MAIN ENTRY--PERSONAL NAME
Personal name Coope, Sebastian
245 00 - TITLE STATEMENT
Title Computer systems : Architecture networks and communications
Statement of responsibility, etc Sebastian Coope, John Cowley & Neil Willis
260 ## - PUBLICATION, DISTRIBUTION, ETC. (IMPRINT)
Place of publication, distribution, etc London
Name of publisher, distributor, etc McGraw-Hill Publishers
Date of publication, distribution, etc 2002
300 ## - PHYSICAL DESCRIPTION
Extent viii, 312 p
Other physical details ill
Dimensions 22cm
504 ## - BIBLIOGRAPHY, ETC. NOTE
Bibliography, etc Includes bibliographical references.
650 #0 - SUBJECT ADDED ENTRY--TOPICAL TERM
Topical term or geographic name as entry element System design.
650 #0 - SUBJECT ADDED ENTRY--TOPICAL TERM
Topical term or geographic name as entry element Computer science.
700 ## - ADDED ENTRY--PERSONAL NAME
Personal name Cowley, John
700 ## - ADDED ENTRY--PERSONAL NAME
Personal name Willis, Neil
856 42 - ELECTRONIC LOCATION AND ACCESS
Materials specified Publisher description
Uniform Resource Identifier <a href="http://www.loc.gov/catdir/enhancements/fy0818/2003066215-d.html">http://www.loc.gov/catdir/enhancements/fy0818/2003066215-d.html</a>
856 41 - ELECTRONIC LOCATION AND ACCESS
Materials specified Table of contents only
Uniform Resource Identifier <a href="http://www.loc.gov/catdir/enhancements/fy0818/2003066215-t.html">http://www.loc.gov/catdir/enhancements/fy0818/2003066215-t.html</a>
906 ## - LOCAL DATA ELEMENT F, LDF (RLIN)
a 7
b cbc
c orignew
d 1
e ocip
f 20
g y-gencatlg
942 ## - ADDED ENTRY ELEMENTS (KOHA)
Source of classification or shelving scheme
Koha item type Book
Holdings
Withdrawn status Lost status Source of classification or shelving scheme Damaged status Not for loan Home library Current library Shelving location Date acquired Total Checkouts Total Renewals Full call number Barcode Date last seen Date checked out Copy number Price effective from Koha item type
          Riara University Library Riara University Library General stack 18/10/2016 9 1 QA76.9.C66 2002 8849/16 04/11/2025 28/10/2025 C.1 18/10/2016 Book

Riara University Library,
P.O. Box 49940-00100,
Nairobi, Kenya.